Indian political parties: programmes, promises, and performances (Record no. 426274)

000 -LEADER
fixed length control field 00389cam a22001217a 4500
008 - FIXED-LENGTH DATA ELEMENTS--GENERAL INFORMATION
fixed length control field 180718b1971 xxu||||| |||| 00| 0 eng d
082 ## - DEWEY DECIMAL CLASSIFICATION NUMBER
Classification number F51x54 In7
245 ## - TITLE STATEMENT
Title Indian political parties: programmes, promises, and performances
Statement of responsibility, etc. edited by Subhash C. Kashyap
260 ## - PUBLICATION, DISTRIBUTION, ETC.
Place of publication, distribution, etc. Delhi
Name of publisher, distributor, etc. Research
Date of publication, distribution, etc. 1971
300 ## - PHYSICAL DESCRIPTION
Extent xvi, 356p
650 ## - SUBJECT ADDED ENTRY--TOPICAL TERM
Topical term or geographic name entry element Political parties --India
700 ## - ADDED ENTRY--PERSONAL NAME
Personal name Kashyap, Subhash C.
Holdings
Withdrawn status Lost status Damaged status Not for loan Permanent Location Current Location Date acquired Full call number Barcode Date last seen Price effective from Koha item type
        Indian Institute of Public Administration Indian Institute of Public Administration 2009-10-23 F51x54 In7 47474 2018-07-21 2018-07-21 Book

Powered by Koha